000 00598nam a2200241Ia 4500
003 OSt
005 20221005133135.0
006 a|||||r|||| 00| 0
007 ta
008 221004b |||||||| |||| 00| 0 eng d
024 _a26234
037 _cTextual
040 _aCRL
_cCRL
_beng
041 _2eng
_aeng
082 _aO152,1J32,14, (K6)
100 _aShukl Ramchandra
245 0 _aVinay-Patrika
260 _c1966
300 _a442p.
_ccm.
650 _aHINDI POETRY
_97134
942 _hO152,1J32,14, (K6)
_cTEXL
_2cc
999 _c1065856
_d1065856